Chemie životního prostředí /

Hlavní autor: Kalač, Pavel, 1943-
Korporativní autor: Jihočeská univerzita. Zemědělská fakulta
Další autoři: Tříska, Jan, 1922-1985
Jazyk: Čeština
Vydáno: České Budějovice : Jihočeská univerzita, 1998
Vydání: 1. vyd.
Témata:
Fyzický popis: 147 s. : il. ; 29 cm
Knihy
Uloženo v:
LEADER 01316nam a2200373 a 4500
001 000392813
003 CZ BrMZK
005 20210323144405.0
007 ta
008 010907s1998 xr e p 0 cze d
015 |a cnb000646369 
020 |a 80-7040-325-X 
035 |a (OCoLC)41831530 
040 |a BOA001  |b cze 
072 7 |a 502  |x Životní prostředí a jeho ochrana  |2 Konspekt  |9 2 
072 7 |a 37.016  |x Učební osnovy. Vyučovací předměty. Učebnice  |2 Konspekt  |9 22 
080 |a 504.5:615.9  |2 MRF 
080 |a 502:54  |2 MRF 
080 |a 504.5  |2 MRF 
080 |a (075.8)  |2 MRF 
100 1 |a Kalač, Pavel,  |d 1943-  |7 xx0007355  |4 aut 
245 1 0 |a Chemie životního prostředí /  |c Pavel Kalač, Jan Tříska 
250 |a 1. vyd. 
260 |a České Budějovice :  |b Jihočeská univerzita,  |c 1998 
300 |a 147 s. :  |b il. ;  |c 29 cm 
500 |a Určeno pro posl. zeměd. fak. - Bibliogr. 
650 0 7 |a ekotoxikologie  |7 ph119839  |2 czenas 
650 0 7 |a environmentální chemie  |7 ph114476  |2 czenas 
650 0 7 |a znečištění životního prostředí  |7 ph135331  |2 czenas 
655 7 |a učebnice vysokých škol  |7 fd133772  |2 czenas 
700 1 |a Tříska, Jan,  |d 1922-1985  |7 jk01140296  |4 aut 
710 2 |a Jihočeská univerzita.  |b Zemědělská fakulta  |7 kn20010710226 
910 |a BOA001  |b 4-1056.245 
990 |a BK